[Event "7th Francophone-ch 2019"]
[Site "Paris"]
[Date "2019.08.05"]
[Round "2.2"]
[White "Bourhaleb, Mouneim"]
[Black "David, Alberto"]
[Result "0-1"]
[WhiteElo "2115"]
[BlackElo "2553"]
[Annotator "ChessBase"]
[PlyCount "60"]
[EventDate "2019.08.04"]
[EventType "swiss"]
[EventCountry "FRA"]
[SourceTitle "playchess.com"]
[Source "ChessBase"]
[SourceQuality "1"]
[TimeControl "40/5400+30:1800+30"]

1. d4 {[%emt 0:00:00]} Nf6 {[%emt 0:00:00]} 2. c4 {[%emt 0:00:00]} e6 {[%emt 0:00:11]} 3. g3 {[%emt 0:00:38]} c5 {[%emt 0:08:27]} 4. d5 {[%emt 0:08:12]} exd5 {[%emt 0:00:13]} 5. cxd5 {[%emt 0:00:13]} d6 {[%emt 0:00:15]} 6. Nc3 {[%emt 0:01:25]} g6 {[%emt 0:00:10]} 7. Bg2 {[%emt 0:01:46]} Bg7 {[%emt 0:00:10]} 8. Nf3 {[%emt 0:00:57]} O-O {[%emt 0:00:10]} 9. O-O {[%emt 0:00:19]} Re8 {[%emt 0:04:05]} 10. Re1 {[%emt 0:04:35]} Na6 {[%emt 0:11:06]} 11. h3 {[%emt 0:02:19]} Bd7 {[%emt 0:07:11]} 12. e4 {[%emt 0:05:27]} b5 {[%emt 0:02:51]} 13. e5 {[%emt 0:15:39]} dxe5 {[%emt 0:00:28]} 14. Nxe5 {[%emt 0:01:31]} b4 {[%emt 0:03:01]} 15. Nxd7 {[%emt 0:08:59]} Rxe1+ {[%emt 0:07:56]} 16. Qxe1 {[%emt 0:00:11]} Qxd7 {[%emt 0:00:10]} 17. Qe2 {[%emt 0:10:27]} Nc7 {[%emt 0:04:52]} 18. Ne4 {[%emt 0:12:13]} Nxe4 {[%emt 0:01:42]} 19. Qxe4 {[%emt 0:02:53]} Re8 {[%emt 0:00:20]} 20. Qc2 {[%emt 0:00:58]} Re1+ {[%emt 0:07:59]} 21. Kh2 {[%emt 0:00:06]} Bd4 {[%emt 0:00:19]} 22. d6 {[%emt 0:02:18]} Nb5 {[%emt 0:02:24]} 23. Rb1 {[%emt 0:04:17]} Nxd6 {[%emt 0:05:41]} 24. Be3 {[%emt 0:01:49]} Rxb1 {[%emt 0:00:19]} 25. Qxb1 {[%emt 0:01:33]} Bxe3 {[%emt 0:00:13]} 26. fxe3 {[%emt 0:00:04]} Nf5 {[%emt 0:03:50]} 27. Qe1 {[%emt 0:00:31]} Qd3 {[%emt 0:00:51]} 28. e4 {[%emt 0:00:48]} Qe3 {[%emt 0:01:33]} 29. Qxe3 {[%emt 0:03:54]} Nxe3 {[%emt 0:00:04]} 30. Bf3 {[%emt 0:00:08]} c4 {[%emt 0:00:09]} 0-1

[Event "7th Francophone-ch 2019"]
[Site "Paris"]
[Date "2019.08.05"]
[Round "2.3"]
[White "Shchekachev, Andrei"]
[Black "Le Pen, Steven"]
[Result "1-0"]
[WhiteElo "2531"]
[BlackElo "2094"]
[Annotator "TA"]
[PlyCount "126"]
[EventDate "2019.08.04"]
[EventType "swiss"]
[EventCountry "FRA"]
[SourceTitle "playchess.com"]
[Source "ChessBase"]
[SourceQuality "1"]

{[%evp 16,126,0,0,0,-25,0,0,0,0,0,0,0,3,19,13,31,4,0,0,0,0,18,0,15,-8,13,18,22,0,18,4,45,39,40,0,0,0,3,7,11,0,14,18,16,18,13,4,6,6,7,3,50,44,51,50,43,16,16,10,10,10,13,10,10,10,45,51,28,0,23,0,0,0,10,10,11,11,11,12,12,12,70,62,440,401,583,583,990,943,900,854,1208,1208,2750,2035,29954,12797,4133,2500,29969,29969,29973,29974,29975,29976,29976,29977,29976,29977,29981,29982,29976]} 1. Nf3 c5 2. c4 Nc6 ({Predecessor:} 2... Nf6 3. Nc3 Nc6 4. d4 cxd4 {1-0 (74) Bykov,E (2270)-Garcia Rodriguez,I (2002) ICCF email 2010}) 3. d4 cxd4 4. Nxd4 Nf6 5. Nc3 e6 6. g3 Qb6 7. Ndb5 Ne5 8. Bg2 a6 9. Qa4 {Black must now prevent Be3.} Rb8 {A33: Symmetrical English: 2 Nf3 Nf6 3 d4 cxd4 4 Nxd4 e6 5 Nc3 Nc6} 10. Na3 $146 (10. Be3 Bc5 11. Bxc5 Qxc5 12. Qa3 b6 13. Nd6+ Ke7 14. Qxc5 bxc5 15. Nxc8+ Rhxc8 16. b3 d5 17. cxd5 {1-0 (47) Ivanchuk,V (2708)-Saric,I (2685) Mali Losinj 2018}) 10... Be7 11. O-O O-O {The position is equal.} 12. Bf4 d6 13. Qb3 Qc7 14. c5 Qxc5 15. Be3 Qc7 16. Bb6 {[%mdl 1024] White has compensation.} Qd7 17. Rfd1 Bd8 18. Ba7 Ra8 19. Bd4 {Hoping for Bxe5.} Nc6 20. Bxf6 Bxf6 21. Bxc6 Qxc6 22. Rac1 $1 Bd7 23. Nd5 Qa4 24. Nxf6+ gxf6 25. Qf3 Bc6 26. Qe3 {Strongly threatening Rd4.} Qe4 27. Qxe4 Bxe4 28. Nc4 Rac8 29. Nxd6 Rxc1 30. Rxc1 $11 {[%mdl 4096] Endgame KRB-KRN} Bc6 31. Kf1 Rd8 32. Nc4 Bd5 33. Rd1 Bg2+ {[%mdl 64] Discovered Attack} (33... Rb8 {looks sharper.} 34. Ne3 Bxa2 35. Ra1 Bb3 36. Ra3 Bd5) 34. Ke1 Rxd1+ 35. Kxd1 $14 {KB-KN} Bd5 36. Nd2 f5 37. Kc2 Kf8 ({But not} 37... Bxa2 $2 38. b3 $18) 38. Kc3 Ke7 ({Much worse is} 38... Bxa2 $6 39. b3 $16) 39. a4 {[%cal Ba2a4,Ba4a5][%mdl 32]} Kd6 40. Kb4 b6 41. a5 Kc6 42. f3 {And now e4 would win.} e5 43. f4 f6 44. e3 b5 45. Kc3 Kc5 {With the idea ...b4+.} 46. b4+ Kd6 47. Kd3 Ke6 48. fxe5 fxe5 (48... Kxe5 $11 49. Kc3 Ba2) 49. e4 Ba2 $2 {[%mdl 8192]} ({Black should play} 49... Bb7 $1 $14) 50. Ke3 $18 h5 (50... Kf6 $142 51. exf5 Kxf5) 51. h3 Kf6 {Now ...Be6 and Black clings on.} 52. exf5 Kxf5 53. Ne4 Be6 54. Nc5 Bc8 {[#]} 55. g4+ $1 {[%mdl 512]} hxg4 56. hxg4+ Kf6 57. Kf3 Kg5 {[#]} 58. Ke4 $1 {[%cal Re4e5] White mates.} Kxg4 59. Kxe5 Kf3 60. Kd6 Ke3 61. Kc7 Bh3 62. Nxa6 Kd4 63. Nb8 Ke5 {Accuracy: White = 81%, Black = 40%.} 1-0

[Event "7th Francophone-ch 2019"]
[Site "Paris"]
[Date "2019.08.05"]
[Round "2.4"]
[White "Toulzac, Pierre-Yves"]
[Black "Mastrovasilis, Athanasios"]
[Result "1/2-1/2"]
[WhiteElo "2096"]
[BlackElo "2518"]
[Annotator "TA"]
[PlyCount "107"]
[EventDate "2019.08.04"]
[EventType "swiss"]
[EventCountry "FRA"]
[SourceTitle "playchess.com"]
[Source "ChessBase"]
[SourceQuality "1"]

{[%evp 12,107,15,15,15,15,24,21,18,18,22,18,25,8,25,0,13,8,0,0,13,-62,-36,-58,-33,-33,-33,-33,-33,-33,-33,-43,-43,-43,-33,-33,-33,-42,-33,-40,-37,-56,-33,-33,-33,-38,-40,-64,-33,-62,-34,-47,-43,-49,-61,-66,-59,-62,-72,-92,-89,-145,-145,-145,-121,-139,-135,-122,-56,-52,-14,-42,-8,-27,-19,-81,0,0,0,0,0,0,0,0,0,0,0,0,0,0,0,0,0,0,0,0,0,0]} 1. d4 Nf6 2. c4 e6 3. Nf3 d5 4. Nc3 Nbd7 5. cxd5 exd5 6. Bg5 c6 7. e3 h6 {D35: Queen's Gambit Declined: Exchange Variation} 8. Bh4 Be7 9. Qc2 Nh5 10. Bxe7 Qxe7 11. O-O-O Nhf6 12. Kb1 Nb6 13. Ne5 $146 ({Predecessor:} 13. Bd3 Bg4 14. Rc1 Bxf3 15. gxf3 O-O-O 16. Qb3 Kb8 {1-0 (41) Rodshtein,M (2673)-Mamedyarov,S (2736) Skopje 2015}) 13... Ng4 14. Nxg4 Bxg4 15. f3 Be6 16. Na4 ({Better is} 16. Bd3 $11) 16... Nxa4 $15 17. Qxa4 Bf5+ {[%mdl 64] [#] Discovered Attack} 18. Bd3 Bxd3+ 19. Rxd3 O-O 20. Qc2 Rae8 21. Ra3 a6 22. Rb3 f5 23. g3 Rf6 24. Re1 Qf7 25. Rd1 Rfe6 26. Rdd3 R8e7 27. a3 Qh5 28. Qg2 g5 29. Ka2 Kh7 30. Rb6 Qf7 31. Qd2 {[#]} c5 $1 $36 {[%mdl 2560] Black is pushing.} 32. Rxe6 (32. dxc5 d4) 32... Qxe6 {[%mdl 4096] Endgame KQR-KQR} 33. Qa5 c4 34. Rc3 Qd6 35. f4 b5 36. Qb4 (36. h4 $142) 36... Qxb4 $17 37. axb4 {KR-KR} Kg6 38. Ra3 Re6 39. Kb1 Kf7 (39... Kh5 $17 {Hoping for ...Kg4.} 40. h3 gxf4 41. exf4 Re1+ 42. Kc2 Re2+ 43. Kc3 Rh2 44. g4+ fxg4 45. hxg4+ Kxg4 46. Rxa6 Rh3+ 47. Kc2 Kf5) 40. Kc1 Ke7 41. Kd2 Kd7 42. Ra1 gxf4 43. exf4 (43. gxf4 $11 {keeps the balance.} Rg6 44. Kc3) 43... Re4 (43... Kc7 $17) 44. Rxa6 $11 {The position is equal.} Rxd4+ 45. Kc1 Re4 46. Rf6 Re2 47. Rxf5 Ke6 48. Rh5 d4 49. Rxb5 {Threatens to win with Re5+!} Rxh2 50. Rc5 Rh1+ 51. Kd2 Rh2+ 52. Kc1 Rh1+ 53. Kd2 Rh2+ 54. Kc1 {Accuracy: White = 50%, Black = 56%.} 1/2-1/2

[Event "7th Francophone-ch 2019"]
[Site "Paris"]
[Date "2019.08.05"]
[Round "2.5"]
[White "Flom, Gabriel"]
[Black "Lebrun, Xavier"]
[Result "1-0"]
[WhiteElo "2494"]
[BlackElo "2059"]
[Annotator "ChessBase"]
[PlyCount "58"]
[EventDate "2019.08.04"]
[EventType "swiss"]
[EventCountry "FRA"]
[SourceTitle "playchess.com"]
[Source "ChessBase"]
[SourceQuality "1"]
[TimeControl "40/5400+30:1800+30"]

1. d4 {[%emt 0:00:00]} Nf6 {[%emt 0:01:09]} 2. Bg5 {[%emt 0:00:00]} e6 {[%emt 0:02:02]} 3. Nd2 {[%emt 0:00:00]} d5 {[%emt 0:04:13]} 4. e3 {[%emt 0:00:00]} Be7 {[%emt 0:04:00]} 5. Bd3 {[%emt 0:00:05]} Nbd7 {[%emt 0:12:30]} 6. Ngf3 {[%emt 0:00:26]} b6 {[%emt 0:03:47]} 7. c3 {[%emt 0:03:23]} Bb7 {[%emt 0:04:06]} 8. O-O {[%emt 0:01:09]} Ne4 {[%emt 0:07:47]} 9. Bxe7 {[%emt 0:00:31]} Qxe7 {[%emt 0:00:08]} 10. c4 {[%emt 0:00:11]} Nxd2 {[%emt 0:01:49]} 11. Qxd2 {[%emt 0:00:43]} dxc4 12. Bxc4 {[%emt 0:00:03]} O-O {[%emt 0:14:59]} 13. Qe2 {[%emt 0:00:08]} c5 {[%emt 0:01:37]} 14. Ba6 {[%emt 0:00:02]} Bxf3 {[%emt 0:06:35]} 15. Qxf3 {[%emt 0:00:07]} cxd4 {[%emt 0:00:05]} 16. exd4 {[%emt 0:00:01]} Nf6 {[%emt 0:00:07]} 17. Rac1 {[%emt 0:03:01]} Nd5 {[%emt 0:01:14]} 18. a3 {[%emt 0:02:21]} Rfd8 {[%emt 0:02:13]} 19. Rc4 {[%emt 0:01:16]} Rd6 {[%emt 0:02:01]} 20. Rfc1 {[%emt 0:00:25]} Rad8 {[%emt 0:00:30]} 21. b4 {[%emt 0:01:25]} g6 {[%emt 0:01:01]} 22. g3 {[%emt 0:00:30]} Kg7 {[%emt 0:02:24]} 23. Qe4 {[%emt 0:02:40]} Nf6 {[%emt 0:05:47]} 24. Qe3 {[%emt 0:03:08]} Nd5 {[%emt 0:07:53]} 25. Qe5+ {[%emt 0:02:11]} Qf6 {[%emt 0:00:46]} 26. Rc6 {[%emt 0:02:24]} Rxc6 {[%emt 0:01:30]} 27. Rxc6 {[%emt 0:00:05]} Rd7 {[%emt 0:00:20]} 28. Rc8 {[%emt 0:01:27]} Ne7 {[%emt 0:00:47]} 29. Ra8 {[%emt 0:01:03]} Nf5 {[%emt 0:03:04]} 1-0

[Event "7th Francophone-ch 2019"]
[Site "Paris"]
[Date "2019.08.05"]
[Round "2.6"]
[White "Van Houtte, Thierry"]
[Black "Vedmediuc, Serghei"]
[Result "0-1"]
[WhiteElo "2077"]
[BlackElo "2450"]
[Annotator "ChessBase"]
[PlyCount "50"]
[EventDate "2019.08.04"]
[EventType "swiss"]
[EventCountry "FRA"]
[SourceTitle "playchess.com"]
[Source "ChessBase"]
[SourceQuality "1"]
[TimeControl "40/5400+30:1800+30"]

1. Nf3 {[%emt 0:00:00]} c5 {[%emt 0:04:50]} 2. g3 {[%emt 0:00:23]} Nc6 {[%emt 0:00:05]} 3. Bg2 {[%emt 0:00:11]} g6 {[%emt 0:00:05]} 4. O-O {[%emt 0:00:20]} Bg7 {[%emt 0:00:02]} 5. c4 {[%emt 0:00:30]} e6 {[%emt 0:00:05]} 6. Nc3 {[%emt 0:00:21]} Nge7 {[%emt 0:00:05]} 7. d4 {[%emt 0:05:46]} Nxd4 {[%emt 0:14:19]} 8. Nxd4 {[%emt 0:00:39]} cxd4 {[%emt 0:00:04]} 9. Nb5 {[%emt 0:00:26]} Nf5 {[%emt 0:00:05]} 10. Bg5 {[%emt 0:03:47]} f6 {[%emt 0:13:56]} 11. Bf4 {[%emt 0:00:46]} e5 {[%emt 0:01:10]} 12. e4 {[%emt 0:01:30]} Nh6 {[%emt 0:31:21]} 13. Bxh6 {[%emt 0:07:08]} Bxh6 {[%emt 0:00:07]} 14. Nd6+ {[%emt 0:00:25]} Ke7 {[%emt 0:05:53]} 15. c5 {[%emt 0:01:19]} Qc7 {[%emt 0:04:27]} 16. b4 {[%emt 0:08:54]} b6 {[%emt 0:01:00]} 17. Nb5 {[%emt 0:12:30]} Qb8 {[%emt 0:00:39]} 18. Nd6 {[%emt 0:26:20]} bxc5 {[%emt 0:04:49]} 19. bxc5 {[%emt 0:00:07]} Ba6 {[%emt 0:00:16]} 20. Re1 {[%emt 0:02:09]} Qb4 {[%emt 0:04:41]} 21. Qb3 {[%emt 0:04:02]} Qxb3 {[%emt 0:00:05]} 22. axb3 {[%emt 0:00:04]} Bd3 {[%emt 0:00:04]} 23. Bf1 {[%emt 0:04:14]} Bc2 {[%emt 0:03:14]} 24. Bc4 {[%emt 0:01:14]} d3 {[%emt 0:04:28]} 25. Nf7 {[%emt 0:01:52]} Bd2 {[%emt 0:06:40]} 0-1

[Event "7th Francophone-ch 2019"]
[Site "Paris"]
[Date "2019.08.05"]
[Round "2.7"]
[White "Prie, Eric"]
[Black "Lemoine, Alexandre"]
[Result "1-0"]
[WhiteElo "2436"]
[BlackElo "2070"]
[Annotator "NA"]
[PlyCount "59"]
[EventDate "2019.08.04"]
[EventType "swiss"]
[EventCountry "FRA"]
[SourceTitle "playchess.com"]
[Source "ChessBase"]
[SourceQuality "1"]
[TimeControl "40/5400+30:1800+30"]

1. d4 {[%emt 0:12:21]} Nf6 {[%emt 0:00:00]} 2. Bf4 {[%emt 0:00:19]} g6 {[%emt 0:00:08]} 3. Nc3 {[%emt 0:00:09]} d5 {[%emt 0:00:34]} 4. e3 {[%emt 0:00:09]} Bg7 {[%emt 0:00:10]} 5. h4 {[%emt 0:00:33]} h5 {[%emt 0:01:29]} 6. Nf3 {[%emt 0:00:10]} O-O {[%emt 0:01:06]} 7. Ne5 {[%emt 0:04:42]} c5 {[%emt 0:03:44]} 8. Qd2 {[%emt 0:00:09]} cxd4 {[%emt 0:03:32]} 9. exd4 {[%emt 0:00:11]} Nc6 {[%emt 0:03:23]} 10. O-O-O {[%emt 0:01:36]} Bf5 {[%emt 0:04:47]} 11. f3 $11 {[%emt 0:01:08]} Nb4 {[%emt 0:03:44]} 12. Nd3 {[%emt 0:07:37]} Bxd3 {[%emt 0:02:15]} 13. Bxd3 {[%emt 0:00:09]} Qa5 {[%emt 0:00:41]} 14. a3 {[%emt 0:00:41]} Nxd3+ {[%emt 0:01:59]} 15. Qxd3 {[%emt 0:00:09]} Rac8 {[%emt 0:03:48]} 16. Kb1 {[%emt 0:11:15]} Rc4 {[%emt 0:10:32]} 17. Na2 {[%emt 0:07:57]} Rfc8 {[%emt 0:07:10]} 18. c3 {[%emt 0:00:07]} b5 {[%emt 0:20:22]} 19. Rde1 {[%emt 0:07:05]} Qd8 {[%emt 0:02:58]} 20. Qe2 {[%emt 0:08:14]} Qd7 {[%emt 0:04:23]} 21. Bg5 {[%emt 0:01:31]} R8c7 {[%emt 0:08:05]} 22. Bxf6 {[%emt 0:00:54]} Bxf6 {[%emt 0:00:32]} 23. g4 {[%emt 0:00:09]} a5 {[%emt 0:03:07]} 24. Rd1 {[%emt 0:04:40]} b4 {[%emt 0:03:27]} 25. axb4 {[%emt 0:00:12]} axb4 {[%emt 0:00:51]} 26. Nxb4 {[%emt 0:00:08]} Qb5 {[%emt 0:03:05]} 27. Rh2 {[%emt 0:01:36]} hxg4 {[%emt 0:03:34]} 28. fxg4 {[%emt 0:00:12]} Qd7 {[%emt 0:02:51]} 29. Qf3 {[%emt 0:00:35]} Bxd4 {[%emt 0:01:17]} 30. Rxd4 {[%emt 0:00:31]} 1-0

[Event "7th Francophone-ch 2019"]
[Site "Paris"]
[Date "2019.08.05"]
[Round "2.8"]
[White "L'Henoret, Thierry"]
[Black "Rakotomaharo, Fy Antenaina"]
[Result "0-1"]
[WhiteElo "2064"]
[BlackElo "2419"]
[Annotator "NA"]
[PlyCount "88"]
[EventDate "2019.08.04"]
[EventType "swiss"]
[EventCountry "FRA"]
[SourceTitle "playchess.com"]
[Source "ChessBase"]
[SourceQuality "1"]
[TimeControl "40/5400+30:1800+30"]

1. Nf3 {[%emt 0:00:00]} d5 {[%emt 0:01:07]} 2. d4 {[%emt 0:00:00]} Nf6 {[%emt 0:00:07]} 3. e3 {[%emt 0:00:00]} Bg4 {[%emt 0:01:20]} 4. h3 {[%emt 0:02:01]} Bh5 {[%emt 0:00:58]} 5. c4 {[%emt 0:00:59]} c6 {[%emt 0:03:39]} 6. Nc3 {[%emt 0:00:27]} e6 {[%emt 0:00:22]} 7. g4 {[%emt 0:01:27]} Bg6 {[%emt 0:00:05]} 8. Ne5 {[%emt 0:00:04]} Nfd7 {[%emt 0:00:47]} 9. Nxg6 {[%emt 0:00:42]} hxg6 {[%emt 0:00:01]} 10. cxd5 {[%emt 0:01:11]} cxd5 {[%emt 0:00:51]} 11. Qb3 {[%emt 0:00:36]} Qc8 {[%emt 0:02:52]} 12. Bd2 {[%emt 0:07:14]} Nc6 {[%emt 0:00:14]} 13. Rc1 {[%emt 0:00:52]} Bd6 $11 {[%emt 0:08:34]} 14. Na4 {[%emt 0:21:23]} Qc7 {[%emt 0:17:24]} 15. Bb4 {[%emt 0:07:34]} Rb8 {[%emt 0:07:07]} 16. Bb5 {[%emt 0:08:08]} O-O {[%emt 0:01:21]} 17. O-O {[%emt 0:05:34]} Rfc8 {[%emt 0:01:57]} 18. a3 {[%emt 0:10:12]} g5 {[%emt 0:05:34]} 19. Rc3 {[%emt 0:01:58]} Bxb4 {[%emt 0:05:40]} 20. axb4 {[%emt 0:00:22]} Nf6 {[%emt 0:00:15]} 21. Bd3 {[%emt 0:09:25]} e5 {[%emt 0:12:23]} 22. Rfc1 {[%emt 0:07:40]} exd4 {[%emt 0:00:51]} 23. exd4 {[%emt 0:00:09]} Qd8 {[%emt 0:05:10]} 24. Bf5 {[%emt 0:01:56]} Nxd4 {[%emt 0:00:34]} 25. Rxc8 {[%emt 0:00:24]} Nxb3 {[%emt 0:00:15]} 26. Rxd8+ {[%emt 0:03:46]} Rxd8 {[%emt 0:00:04]} 27. Rd1 {[%emt 0:00:46]} a5 {[%emt 0:02:35]} 28. Bc2 {[%emt 0:00:28]} b5 {[%emt 0:00:03]} 29. Bxb3 {[%emt 0:04:22]} bxa4 {[%emt 0:00:02]} 30. Bxa4 {[%emt 0:00:01]} axb4 {[%emt 0:00:07]} 31. Rd4 {[%emt 0:00:21]} Rb8 {[%emt 0:01:10]} 32. Bc6 {[%emt 0:00:28]} Kf8 {[%emt 0:00:08]} 33. Rd3 {[%emt 0:01:26]} Rd8 {[%emt 0:07:00]} 34. Rd4 {[%emt 0:00:37]} Rc8 {[%emt 0:00:04]} 35. Ba4 {[%emt 0:00:44]} Rc4 {[%emt 0:04:56]} 36. Rd1 {[%emt 0:01:40]} Ke7 {[%emt 0:00:54]} 37. Bb3 {[%emt 0:00:39]} Rc5 {[%emt 0:00:08]} 38. Rd4 {[%emt 0:00:43]} Rb5 {[%emt 0:00:22]} 39. f4 {[%emt 0:01:37]} gxf4 {[%emt 0:00:06]} 40. Rxf4 {[%emt 0:00:11]} Nh7 {[%emt 0:03:44]} 41. h4 {[%emt 0:06:57]} Nf8 {[%emt 0:02:42]} 42. Rf5 {[%emt 0:01:40]} Ke6 {[%emt 0:00:32]} 43. Rg5 {[%emt 0:01:08]} g6 {[%emt 0:01:10]} 44. Bc2 {[%emt 0:03:05]} Nh7 {[%emt 0:03:41]} 0-1

[Event "7th Francophone-ch 2019"]
[Site "Paris"]
[Date "2019.08.05"]
[Round "2.9"]
[White "Dardha, Daniel"]
[Black "Sotelo, Renzo"]
[Result "1-0"]
[WhiteElo "2420"]
[BlackElo "2046"]
[Annotator "NA"]
[PlyCount "75"]
[EventDate "2019.08.04"]
[EventType "swiss"]
[EventCountry "FRA"]
[SourceTitle "playchess.com"]
[Source "ChessBase"]
[SourceQuality "1"]
[TimeControl "40/5400+30:1800+30"]

1. c4 {[%emt 0:00:00]} Nf6 {[%emt 0:01:11]} 2. Nc3 {[%emt 0:00:06]} g6 {[%emt 0:01:21]} 3. e4 {[%emt 0:00:07]} d6 {[%emt 0:00:28]} 4. d4 {[%emt 0:00:06]} Bg7 {[%emt 0:00:35]} 5. Bd3 {[%emt 0:00:05]} e5 {[%emt 0:00:23]} 6. d5 {[%emt 0:00:20]} a5 {[%emt 0:00:22]} 7. Nge2 {[%emt 0:00:10]} Nbd7 {[%emt 0:01:40]} 8. O-O {[%emt 0:00:16]} O-O {[%emt 0:01:03]} 9. f3 {[%emt 0:01:47]} Nh5 {[%emt 0:03:03]} 10. Be3 {[%emt 0:00:33]} b6 {[%emt 0:15:11]} 11. a3 {[%emt 0:01:50]} f5 {[%emt 0:01:22]} 12. exf5 {[%emt 0:02:08]} gxf5 $14 {[%emt 0:00:13]} 13. b4 {[%emt 0:02:56]} Qe7 {[%emt 0:11:03]} 14. Bc2 {[%emt 0:03:40]} Nf4 {[%emt 0:16:29]} 15. Ng3 {[%emt 0:11:36]} axb4 {[%emt 0:19:20]} 16. axb4 {[%emt 0:00:21]} Rxa1 {[%emt 0:00:07]} 17. Qxa1 {[%emt 0:00:04]} Nxg2 {[%emt 0:01:27]} 18. Kxg2 {[%emt 0:01:06]} f4 {[%emt 0:00:05]} 19. Bd2 {[%emt 0:05:06]} fxg3 {[%emt 0:00:21]} 20. hxg3 {[%emt 0:00:03]} Nf6 {[%emt 0:05:46]} 21. Qb1 {[%emt 0:00:57]} Qf7 {[%emt 0:02:34]} 22. Rh1 {[%emt 0:01:16]} e4 {[%emt 0:05:29]} 23. Nxe4 {[%emt 0:00:24]} Nxe4 {[%emt 0:03:08]} 24. Bxe4 {[%emt 0:00:05]} Bf5 {[%emt 0:01:15]} 25. Bxf5 {[%emt 0:01:17]} Qxf5 {[%emt 0:00:12]} 26. Qxf5 {[%emt 0:00:07]} Rxf5 {[%emt 0:00:09]} 27. b5 {[%emt 0:03:41]} Rf8 {[%emt 0:05:28]} 28. Re1 {[%emt 0:00:07]} Kf7 {[%emt 0:00:11]} 29. Re4 {[%emt 0:10:30]} Ra8 {[%emt 0:00:14]} 30. Bg5 {[%emt 0:00:27]} Bf8 {[%emt 0:01:40]} 31. Kh3 {[%emt 0:00:37]} Kg6 {[%emt 0:01:35]} 32. Kg4 {[%emt 0:00:49]} Kf7 {[%emt 0:01:04]} 33. Kf5 {[%emt 0:01:22]} Ra3 {[%emt 0:00:14]} 34. Bd8 {[%emt 0:00:44]} Rxf3+ {[%emt 0:00:51]} 35. Kg4 {[%emt 0:00:09]} Rb3 {[%emt 0:00:32]} 36. Bxc7 {[%emt 0:00:08]} h5+ {[%emt 0:00:14]} 37. Kxh5 {[%emt 0:00:44]} Rxg3 {[%emt 0:00:17]} 38. Rf4+ {[%emt 0:00:27]} 1-0

[Event "7th Francophone-ch 2019"]
[Site "Paris"]
[Date "2019.08.05"]
[Round "2.10"]
[White "Morice, Ludovic"]
[Black "Piscopo, Pierluigi"]
[Result "1/2-1/2"]
[WhiteElo "2069"]
[BlackElo "2407"]
[Annotator "NA"]
[PlyCount "68"]
[EventDate "2019.08.04"]
[EventType "swiss"]
[EventCountry "FRA"]
[SourceTitle "playchess.com"]
[Source "ChessBase"]
[SourceQuality "1"]
[TimeControl "40/5400+30:1800+30"]

1. e4 {[%emt 0:00:00]} c5 {[%emt 1:30:30]} 2. Nf3 {[%emt 1:31:00]} e6 {[%emt 0:00:00]} 3. c3 {[%emt 0:00:00]} Nf6 {[%emt 0:00:00]} 4. e5 {[%emt 0:00:00]} Nd5 {[%emt 0:00:00]} 5. g3 {[%emt 0:00:00]} Nc6 {[%emt 0:00:00]} 6. Bg2 {[%emt 0:00:00]} d6 {[%emt 0:00:00]} 7. exd6 {[%emt 0:00:00]} Bxd6 {[%emt 0:00:00]} 8. O-O {[%emt 0:00:00]} O-O {[%emt 0:00:00]} 9. d4 {[%emt 0:00:00]} cxd4 {[%emt 0:00:00]} 10. Nxd4 {[%emt 0:00:00]} Nxd4 {[%emt 0:00:00]} 11. Qxd4 {[%emt 0:00:00]} Qc7 {[%emt 0:00:00]} 12. c4 {[%emt 0:00:00]} Nf6 {[%emt 0:00:00]} 13. Nc3 {[%emt 0:00:00]} Be5 {[%emt 0:00:00]} 14. Bf4 {[%emt 0:00:00]} Bxf4 {[%emt 0:00:00]} 15. Qxf4 {[%emt 0:00:00]} e5 {[%emt 0:00:00]} 16. Qh4 {[%emt 0:00:00]} Be6 {[%emt 0:00:00]} 17. b3 {[%emt 0:00:00]} Rad8 {[%emt 0:00:00]} 18. Ne4 {[%emt 0:00:00]} Nxe4 {[%emt 0:00:00]} 19. Qxe4 {[%emt 0:00:00]} Bc8 {[%emt 0:00:00]} 20. Rfe1 {[%emt 0:00:00]} Rfe8 {[%emt 0:00:00]} 21. Rad1 {[%emt 0:00:00]} h6 {[%emt 0:00:00]} 22. h4 {[%emt 0:00:00]} Rxd1 {[%emt 0:00:00]} 23. Rxd1 {[%emt 0:00:00]} Qa5 {[%emt 0:00:00]} 24. Qc2 {[%emt 0:00:00]} Bg4 {[%emt 0:03:41]} 25. Rd5 {[%emt 0:04:36]} Qe1+ {[%emt 0:01:42]} 26. Kh2 {[%emt 0:00:05]} e4 {[%emt 0:01:23]} 27. Qd2 {[%emt 0:00:56]} Qxd2 {[%emt 0:02:34]} 28. Rxd2 {[%emt 0:00:03]} Re7 {[%emt 0:01:54]} 29. Rd8+ {[%emt 0:05:38]} Kh7 {[%emt 0:00:04]} 30. Bh3 {[%emt 0:00:17]} h5 {[%emt 0:01:46]} 31. Bxg4 {[%emt 0:00:02]} hxg4 {[%emt 0:00:00]} 32. Kg2 {[%emt 0:00:27]} Kg6 {[%emt 0:00:38]} 33. Kf1 {[%emt 0:01:28]} e3 {[%emt 0:00:55]} 34. Rd4 {[%emt 0:00:31]} f5 {[%emt 0:00:05]} 1/2-1/2